Introduction to dynamic programming
Saved in:
| Main Author: | |
|---|---|
| Other Authors: | |
| Format: | Book |
| Language: | English |
| Published: |
Oxford ; New York :
Pergamon Press,
1981
|
| Series: | International series in modern applied mathematics and computer science ;
; 1 Pergamon international library of science, technology, engineering, and social studies |
| Subjects: | |
| Tags: |
Add Tag
No Tags, Be the first to tag this record!
|
MARC
| LEADER | 00000cam a2200000 i 4500 | ||
|---|---|---|---|
| 001 | 1/59275 | ||
| 008 | 941103s1981 eng d | ||
| 020 | |a 0080250653 |c Ή15.00 (est.) ($32.50 U.S. : est.) | ||
| 020 | |a 0080250645 | ||
| 035 | |l 10046053 | ||
| 035 | |a 1987 | ||
| 040 | |a GR-MY-UA |b gre |e aacr | ||
| 041 | 0 | |a eng | |
| 082 | 0 | |a 519.703 | |
| 100 | 1 | |a Cooper, Leon |d 1924- | |
| 245 | 1 | 0 | |a Introduction to dynamic programming / |c by Leon Cooper and Mary W. Cooper |
| 260 | |a Oxford ; New York : |b Pergamon Press, |c 1981 | ||
| 300 | |a ix, 289 p.; |b ill.; |c 26 cm. | ||
| 490 | 1 | |a International series in modern applied mathematics and computer science |v ; 1 | |
| 490 | 1 | |a Pergamon international library of science, technology, engineering, and social studies | |
| 504 | |a Includes bibliographical references and index | ||
| 650 | 0 | 0 | |a Dynamic programming. |
| 700 | 1 | |a Cooper, Mary W. | |
| 830 | 0 | |a International series in modern applied mathematics and computer science ; |v ; 1 | |
| 830 | 0 | |a Pergamon international library of science, technology, engineering, and social studies | |
| 852 | |a INST |b SAMOS |e 19941103 |h 519.703 COO |p 005300001142 |q 005300001142 |t BK |y 0 | ||
| 909 | |a Σ |b 008185 | ||